Rozvoj průmyslových robotů a manipulátorů. 5 /

Saved in:
Bibliographic Details
Format: Book
Language:Czech
Published: Praha : Ústředí vědeckých, technických a ekonomických informací, 1980.
Edition:1. vyd.
Series:SIVO
ISBN: (brož.)
Physical Description: 71 s.
Tags: Add Tag
No Tags, Be the first to tag this record!

MARC

LEADER 00000nam a22000001i 4500
001 000152607
005 20250910085648.0
008 090725s1980 xr cze d
020 |a (brož.) 
040 |a SVKKK  |b slo  |c SVKKK  |e AACR2 
041 0 |a cze 
044 |a xr  |c CZ 
245 0 0 |a Rozvoj průmyslových robotů a manipulátorů.  |n 5 /  |c red.: Vl. Ptáček, E. Sidorin. 
250 |a 1. vyd. 
260 |a Praha :  |b Ústředí vědeckých, technických a ekonomických informací,  |c 1980. 
300 |a 71 s. 
490 1 |a SIVO  |v 1728. 
700 1 |a Sidorin, Evžen  |4 red 
700 1 |a Ptáček, Vladimír  |4 red 
830 0 |a SIVO 
910 |a svkkk 
998 |a BK 
090 |g SCKHL  |k Sklad Pribinova 3. posch.  |a V.124417  |j 632530  |i 2720959926  |s Povinný výt.